Memoria : iv congreso nacional de desarrollo rural agricultura familiar, base del desarrollo rural
| Format: | Section = Libro |
|---|---|
| Language: | Undetermined Spanish |
| Published: |
Managua
UCA
2013
|
| Subjects: |
| LEADER | 00637nam a2200205Ia 4500 | ||
|---|---|---|---|
| 008 | 240829s9999 xx 000 0 und d | ||
| 040 | |a BIBLIOTECA-RUPAP Ref 307.1215 N583 | ||
| 041 | |a spa | ||
| 082 | |a Ref 307.1215 N583 | ||
| 245 | 1 | 0 | |a Memoria : iv congreso nacional de desarrollo rural agricultura familiar, base del desarrollo rural |
| 260 | |a Managua |b UCA |c 2013 | ||
| 300 | |a 109 p. :il. | ||
| 650 | 7 | |a DESARROLLO RURAL | |
| 650 | 7 | |b AGRICULTURA FAMILIAR | |
| 650 | 7 | |c SEGURIDAD ALIMENTARIA Y NUTRICIONAL | |
| 650 | 7 | |d SOSTENIBILIDAD ECONOMICA | |
| 650 | 7 | |e CONGRESO-UCA. I. Tít. | |
| 942 | |c BK |2 ddc | ||
| 991 | |a TEXTO | ||
| 999 | |c 10356 | ||